Industrial electrical wiringdesign installation and maintenance (Record no. 584696)

000 -LEADER
fixed length control field 00547nam a22001817a 4500
003 - CONTROL NUMBER IDENTIFIER
control field CEME
005 - DATE AND TIME OF LATEST TRANSACTION
control field 20210628210515.0
008 - FIXED-LENGTH DATA ELEMENTS--GENERAL INFORMATION
fixed length control field 210209b xxu||||| |||| 00| 0 eng d
020 ## - INTERNATIONAL STANDARD BOOK NUMBER
International Standard Book Number 0-07-065329-1
040 ## - CATALOGING SOURCE
Transcribing agency .
082 ## - DEWEY DECIMAL CLASSIFICATION NUMBER
Classification number 621.3193 TRA
100 ## - MAIN ENTRY--PERSONAL NAME
Personal name Traister, John E
9 (RLIN) 78646
245 ## - TITLE STATEMENT
Title Industrial electrical wiringdesign installation and maintenance
260 ## - PUBLICATION, DISTRIBUTION, ETC.
Place of publication, distribution, etc. NEW YORK
Name of publisher, distributor, etc. MCGRAW HILL
Date of publication, distribution, etc. 1997
300 ## - PHYSICAL DESCRIPTION
Extent 539P
650 ## - SUBJECT ADDED ENTRY--TOPICAL TERM
Topical term or geographic name entry element ELECTRICAL WIRING-INDUSTRIAL ELECTRICAL WIRING-DESIGN INSTALLATION AND MAINTENANC
9 (RLIN) 79689
942 ## - ADDED ENTRY ELEMENTS (KOHA)
Koha item type Book
Source of classification or shelving scheme
Holdings
Withdrawn status Lost status Damaged status Not for loan Permanent Location Current Location Shelving location Date acquired Total Checkouts Full call number Barcode Date last seen Price effective from Koha item type
        College of Electrical & Mechanical Engineering (CEME) College of Electrical & Mechanical Engineering (CEME) General Stacks 07/05/2017   621.3193 TRA CEME-34210 06/28/2021 06/28/2021 Book
© 2023 Central Library, National University of Sciences and Technology. All Rights Reserved.